[Event "GER-ch Net blitz qual4"]
[Site "Playchess.com INT"]
[Date "2021.05.10"]
[Round "9"]
[White "Acton, Fynn Jona"]
[Black "Meschke, Andreas"]
[Result "0-1"]
[WhiteElo "1581"]
[BlackElo "1830"]
[PlyCount "126"]
[EventDate "2021.05.10"]
[EventType "swiss (blitz)"]
[EventRounds "11"]
[EventCountry "GER"]
[SourceTitle "CBM 202 Extra"]
[Source "ChessBase"]
[SourceDate "2021.07.31"]
[SourceVersion "1"]
[SourceVersionDate "2021.07.31"]
[SourceQuality "1"]

1. e4 e5 2. Nf3 Nc6 3. Bb5 Bb4 4. c3 Ba5 5. 0-0 Nge7 6. d4 exd4 7. cxd4 d5 8. e5 0-0 9. Bd2 Bb6 10. Be3 Bg4 11. h3 Bxf3 12. Qxf3 Nxd4 13. Bxd4 Bxd4 14. Nc3 Bxe5 15. Rfe1 Bxc3 16. Qxc3 c6 17. Bd3 Qd6 18. Re3 d4 19. Bxh7+ Kxh7 20. Qd3+ Kg8 21. Rae1 Ng6 22. Rg3 Rfe8 23. Rd1 Rad8 24. Qb3 b6 25. Rg4 c5 26. h4 Qe6 27. Qg3 Qe5 28. Qb3 Qh5 29. Qg3 Re4 30. Rxe4 Qxd1+ 31. Kh2 Qh5 32. Rg4 Re8 33. Kh3 d3 34. Rg5 Qxh4+ 35. Qxh4 Nxh4 36. Kxh4 d2 37. Rd5 Re2 38. Kg3 c4 39. Kf3 d1Q 40. Rxd1 Rxb2 41. Rc1 b5 42. a3 Rb3+ 43. Ke4 Rxa3 44. Kd5 Ra2 45. f4 Rxg2 46. f5 Rg5 47. Ke4 g6 48. f6 Rf5 49. Rd1 Rxf6 50. Rd8+ Kg7 51. Ke5 Re6+ 52. Kf4 b4 53. Kg5 c3 54. Rd4 a5 55. Re4 f6+ 56. Kg4 Rxe4+ 57. Kh3 f5 58. Kg3 g5 59. Kh3 c2 60. Kh2 c1Q 61. Kg2 Qc3 62. Kf2 Qc2+ 63. Kf3 Qd3+ 0-1

[Event "GER-ch Net blitz qual4"]
[Site "Playchess.com INT"]
[Date "2021.05.10"]
[Round "8"]
[White "Platz, Daniel"]
[Black "Acton, Fynn Jona"]
[Result "0-1"]
[WhiteElo "1847"]
[BlackElo "1581"]
[PlyCount "50"]
[EventDate "2021.05.10"]
[EventType "swiss (blitz)"]
[EventRounds "11"]
[EventCountry "GER"]
[SourceTitle "CBM 202 Extra"]
[Source "ChessBase"]
[SourceDate "2021.07.31"]
[SourceVersion "1"]
[SourceVersionDate "2021.07.31"]
[SourceQuality "1"]

1. e4 e5 2. Nf3 Nc6 3. Bc4 Bc5 4. b4 Bxb4 5. c3 Ba5 6. 0-0 Nf6 7. d4 exd4 8. e5 d5 9. exf6 dxc4 10. Re1+ Be6 11. Ba3 Qxf6 12. Nxd4 Nxd4 13. Qa4+ Nc6 14. Re3 Bb6 15. Rf3 Qg6 16. Nd2 0-0-0 17. Nxc4 Bxc4 18. Qxc4 Ne5 19. Qf4 Nxf3+ 20. Qxf3 Rd2 21. Rf1 Re8 22. h3 Ree2 23. Kh2 Rxf2 24. Rxf2 Rxf2 25. Qd5 c6 0-1

[Event "GER-ch Net blitz qual3"]
[Site "Playchess.com INT"]
[Date "2021.05.07"]
[Round "11"]
[White "Acton, Fynn Jona"]
[Black "Belikan, Thomas"]
[Result "1-0"]
[WhiteElo "1583"]
[BlackElo "1411"]
[PlyCount "91"]
[EventDate "2021.05.07"]
[EventType "swiss (blitz)"]
[EventRounds "11"]
[EventCountry "GER"]
[SourceTitle "CBM 202 Extra"]
[Source "ChessBase"]
[SourceDate "2021.07.31"]
[SourceVersion "1"]
[SourceVersionDate "2021.07.31"]
[SourceQuality "1"]

1. e4 e6 2. d4 d5 3. Nc3 Nc6 4. Nf3 Nf6 5. e5 Ne4 6. Nxe4 dxe4 7. Ng5 Qxd4 8. Qxd4 Nxd4 9. Kd1 b6 10. c3 Nc6 11. Bb5 Bd7 12. Nxe4 0-0-0 13. Kc2 Nxe5 14. Ba6+ Kb8 15. f4 Nc6 16. Ng5 Be8 17. Be3 h6 18. Nf3 Bd6 19. b4 Ne7 20. a4 Bc6 21. a5 Nf5 22. Bf2 Bxf4 23. axb6 cxb6 24. Nd4 Be4+ 25. Kb2 Nxd4 26. Bxd4 e5 27. Bf2 Rd2+ 28. Kb3 Rxf2 29. g3 Bg5 30. Rhe1 Bd5+ 31. Ka4 Rb2 32. Kb5 Rd8 33. Rxe5 Bf6 34. Re3 Rd2 35. Rae1 Rc2 36. g4 Ka8 37. h3 Kb8 38. Re8 Kc7 39. Rxd8 Kxd8 40. Rd1 Kc7 41. Rxd5 Bxc3 42. Rd3 Bf6 43. Ka4 Ra2+ 44. Kb5 Rh2 45. Ka4 Ra2+ 46. Kb3 1-0

[Event "GER-ch Net blitz qual3"]
[Site "Playchess.com INT"]
[Date "2021.05.07"]
[Round "5"]
[White "Moewisch, Dave"]
[Black "Acton, Fynn Jona"]
[Result "1-0"]
[WhiteElo "1767"]
[BlackElo "1583"]
[PlyCount "57"]
[EventDate "2021.05.07"]
[EventType "swiss (blitz)"]
[EventRounds "11"]
[EventCountry "GER"]
[SourceTitle "CBM 202 Extra"]
[Source "ChessBase"]
[SourceDate "2021.07.31"]
[SourceVersion "1"]
[SourceVersionDate "2021.07.31"]
[SourceQuality "1"]

1. e4 e5 2. Nf3 Nc6 3. Bc4 Bc5 4. c3 Nf6 5. d4 exd4 6. e5 d5 7. Bb5 Ne4 8. cxd4 Bb6 9. h3 0-0 10. 0-0 Ne7 11. Nc3 Nxc3 12. bxc3 a6 13. Bd3 Bf5 14. Ba3 Bxd3 15. Qxd3 Rc8 16. Ng5 g6 17. e6 f6 18. Nf7 Rxf7 19. exf7+ Kxf7 20. Rae1 c5 21. dxc5 Bxc5 22. Bxc5 Rxc5 23. Qe3 Ra5 24. Qe6+ Ke8 25. Qxf6 Rxa2 26. Re6 Qd7 27. Rfe1 Qxe6 28. Rxe6 Re2 29. Qxe7# 1-0

[Event "GER-ch Net blitz qual3"]
[Site "Playchess.com INT"]
[Date "2021.05.07"]
[Round "10"]
[White "Schwierskott, Marc"]
[Black "Acton, Fynn Jona"]
[Result "1-0"]
[WhiteElo "1999"]
[BlackElo "1583"]
[PlyCount "105"]
[EventDate "2021.05.07"]
[EventType "swiss (blitz)"]
[EventRounds "11"]
[EventCountry "GER"]
[SourceTitle "CBM 202 Extra"]
[Source "ChessBase"]
[SourceDate "2021.07.31"]
[SourceVersion "1"]
[SourceVersionDate "2021.07.31"]
[SourceQuality "1"]

1. g3 Nf6 2. Bg2 g6 3. e4 d6 4. d4 Bg7 5. Nc3 0-0 6. Nge2 c6 7. 0-0 e5 8. h3 a5 9. Be3 Nbd7 10. Qd2 Nb6 11. b3 c5 12. dxe5 dxe5 13. Rad1 Qe7 14. Qd6 Qxd6 15. Rxd6 Nbd7 16. Rfd1 Ne8 17. Rxd7 Bxd7 18. Rxd7 b6 19. Nd5 Rb8 20. a4 Nf6 21. Nxf6+ Bxf6 22. Nc3 Rfd8 23. Rxd8+ Rxd8 24. Nd5 Rd6 25. Bf1 Bd8 26. Bb5 f5 27. f3 g5 28. Kf2 h6 29. Ke2 h5 30. Bc4 Kh7 31. exf5 Kg7 32. Kd3 Kf8 33. Ke4 Kg7 34. f6+ Bxf6 35. Nxf6 Kxf6 36. Bxg5+ Kxg5 37. Kxe5 Rd2 38. f4+ Kg6 39. f5+ Kg7 40. f6+ Kf8 41. f7 Rxc2 42. Kd6 Rc3 43. g4 hxg4 44. hxg4 Rg3 45. Be6 Rd3+ 46. Kc6 Rd4 47. g5 Rb4 48. Bc4 Kg7 49. g6 Kf8 50. Kd6 Kg7 51. Ke6 Kf8 52. Kf6 Rxc4 53. g7# 1-0

[Event "GER-ch Net blitz qual2"]
[Site "Playchess.com INT"]
[Date "2021.05.04"]
[Round "4"]
[White "Horn, Sven"]
[Black "Acton, Fynn Jona"]
[Result "1-0"]
[WhiteElo "1903"]
[BlackElo "1548"]
[PlyCount "219"]
[EventDate "2021.05.04"]
[EventType "swiss (blitz)"]
[EventRounds "11"]
[EventCountry "GER"]
[SourceTitle "CBM 202 Extra"]
[Source "ChessBase"]
[SourceDate "2021.07.31"]
[SourceVersion "1"]
[SourceVersionDate "2021.07.31"]
[SourceQuality "1"]

1. e4 e5 2. Nf3 Nc6 3. Bb5 a6 4. Ba4 Nf6 5. 0-0 Be7 6. Re1 b5 7. Bb3 d6 8. h3 0-0 9. c3 Re8 10. Ng5 Rf8 11. d4 h6 12. dxe5 dxe5 13. Qxd8 Nxd8 14. Nf3 Bd6 15. Nbd2 Re8 16. Nf1 Bb7 17. Ng3 Bc5 18. Be3 Bxe3 19. Rxe3 c5 20. Rd1 c4 21. Bc2 Bc6 22. Nf5 Nb7 23. Nd6 Re7 24. Nxb7 Bxb7 25. Nh4 g6 26. Nf3 Nd7 27. b4 Nf8 28. Re2 Ne6 29. Red2 Nf4 30. Rd7 Rxd7 31. Rxd7 Rb8 32. Nxe5 Ne2+ 33. Kf1 Nxc3 34. Nxf7 Bxe4 35. Nxh6+ Kf8 36. Bxe4 Nxe4 37. f3 Nf6 38. Rd6 Ne8 39. Rxg6 Rc8 40. Re6 c3 41. Re1 c2 42. Rc1 Nd6 43. Ng4 Nf5 44. Ke2 Nd4+ 45. Kd3 Nf5 46. Rxc2 Rd8+ 47. Ke4 Nd6+ 48. Kf4 Nc4 49. Ne5 Rd4+ 50. Kf5 Rd5 51. f4 Ne3+ 52. Ke4 Rxe5+ 53. fxe5 Nxc2 54. a3 Nxa3 55. Kd5 Nc4 56. g4 Ne3+ 57. Kc6 Ke7 58. Kb6 Nc4+ 59. Kxa6 Nxe5 60. Kxb5 Nd7 61. Kc6 Nb8+ 62. Kb7 Nd7 63. b5 Kf6 64. Kc6 Nb8+ 65. Kc7 Kg5 66. Kxb8 Kh4 67. b6 Kg5 68. Kc7 Kh4 69. b7 Kg5 70. b8B Kh4 71. Kd6 Kg5 72. Ke5 Kh6 73. Kf5 Kh7 74. g5 Kg7 75. g6 Kg8 76. Kf6 Kh8 77. h4 Kg8 78. h5 Kh8 79. h6 Kg8 80. h7+ Kh8 81. g7+ Kxh7 82. Kf7 Kh6 83. g8N+ Kh5 84. Kf6 Kg4 85. Ne7 Kh3 86. Kf5 Kg2 87. Nd5 Kf3 88. Bf4 Kg2 89. Ke4 Kh3 90. Nf6 Kg2 91. Ng4 Kh1 92. Kf3 Kg1 93. Nf2 Kf1 94. Bh2 Ke1 95. Ne4 Kf1 96. Nd2+ Ke1 97. Ke3 Kd1 98. Kd3 Ke1 99. Bg3+ Kd1 100. Nf3 Kc1 101. Nd4 Kb2 102. Bd6 Kc1 103. Bb4 Kb2 104. Kd2 Kb1 105. Ba3 Ka2 106. Bc1 Kb1 107. Nb5 Ka2 108. Kc2 Ka1 109. Bb2+ Ka2 110. Nc3# 1-0

[Event "GER-ch Net blitz qual1"]
[Site "Playchess.com INT"]
[Date "2021.04.24"]
[Round "10"]
[White "Acton, Fynn Jona"]
[Black "Engel, Frank"]
[Result "0-1"]
[WhiteElo "1620"]
[BlackElo "1804"]
[PlyCount "80"]
[EventDate "2021.04.24"]
[EventType "swiss (blitz)"]
[EventRounds "11"]
[EventCountry "GER"]
[SourceTitle "CBM 202 Extra"]
[Source "ChessBase"]
[SourceDate "2021.07.31"]
[SourceVersion "1"]
[SourceVersionDate "2021.07.31"]
[SourceQuality "1"]

1. e4 c5 2. Nf3 d6 3. d4 cxd4 4. Nxd4 Nf6 5. Nc3 g6 6. Be2 Bg7 7. 0-0 0-0 8. Re1 Nc6 9. Nb3 a6 10. Bf1 b5 11. Nd5 Bb7 12. c3 Ne5 13. a4 bxa4 14. Rxa4 Nxd5 15. exd5 Qb6 16. Rb4 Qc7 17. Be3 Nd7 18. Na5 Rfb8 19. Nb3 a5 20. Rc4 Qd8 21. Bd4 Ba6 22. Rc6 Bxf1 23. Kxf1 Bxd4 24. Nxd4 Rxb2 25. Qc1 Rb7 26. Qg5 Ne5 27. Rxe5 dxe5 28. Qxe5 a4 29. Nc2 a3 30. c4 a2 31. Na1 Rb1+ 32. Ke2 Qa5 33. Qxe7 Re1+ 34. Kf3 Rxe7 35. Nb3 Qc3+ 36. Kg4 a1Q 37. d6 Qxb3 38. d7 Qd4+ 39. Kg5 f6+ 40. Kh6 Qh4# 0-1

[Event "GER-ch Net blitz qual1"]
[Site "Playchess.com INT"]
[Date "2021.04.24"]
[Round "9"]
[White "Boettner, Juergen"]
[Black "Acton, Fynn Jona"]
[Result "0-1"]
[WhiteElo "1453"]
[BlackElo "1620"]
[PlyCount "66"]
[EventDate "2021.04.24"]
[EventType "swiss (blitz)"]
[EventRounds "11"]
[EventCountry "GER"]
[SourceTitle "CBM 202 Extra"]
[Source "ChessBase"]
[SourceDate "2021.07.31"]
[SourceVersion "1"]
[SourceVersionDate "2021.07.31"]
[SourceQuality "1"]

1. d4 Nf6 2. Nc3 g6 3. e4 d6 4. f4 Bg7 5. Nf3 0-0 6. e5 dxe5 7. fxe5 Nd5 8. Bd3 Bg4 9. 0-0 Nc6 10. Nxd5 Qxd5 11. c3 f6 12. exf6 exf6 13. Be3 Kh8 14. Bc2 Rae8 15. Bd2 Qd6 16. Qc1 Na5 17. c4 Nxc4 18. Bb4 Qxb4 19. a3 Qb6 20. Rd1 Ne3 21. Rd3 Nxc2 22. Qxc2 Bxf3 23. Rxf3 Qxd4+ 24. Kh1 Qe4 25. Qd1 f5 26. Rc1 c6 27. Qf1 Bxb2 28. Rd1 Rd8 29. Re1 Qd5 30. Qe2 Kg7 31. Qxb2+ Kg8 32. h3 Rd7 33. Rfe3 Rfd8 0-1

[Event "GER-ch Net blitz qual1"]
[Site "Playchess.com INT"]
[Date "2021.04.24"]
[Round "2"]
[White "Haus, Volker"]
[Black "Acton, Fynn Jona"]
[Result "0-1"]
[WhiteElo "1976"]
[BlackElo "1620"]
[PlyCount "70"]
[EventDate "2021.04.24"]
[EventType "swiss (blitz)"]
[EventRounds "11"]
[EventCountry "GER"]
[SourceTitle "CBM 202 Extra"]
[Source "ChessBase"]
[SourceDate "2021.07.31"]
[SourceVersion "1"]
[SourceVersionDate "2021.07.31"]
[SourceQuality "1"]

1. d4 Nf6 2. c4 g6 3. Nc3 Bg7 4. e4 d6 5. f4 0-0 6. Nf3 c5 7. d5 Ne8 8. Bd3 f5 9. 0-0 e5 10. dxe6 Bxe6 11. Ng5 Bd4+ 12. Kh1 Bc8 13. Qe1 h6 14. Nf3 Nc6 15. exf5 Bxf5 16. Bxf5 Rxf5 17. Qe6+ Kg7 18. Nd5 Nc7 19. Nxc7 Qxc7 20. g4 Rf6 21. Qe4 Qd7 22. f5 Re8 23. Qd5 Nb4 24. Bxh6+ Kh8 25. Nxd4 Nxd5 26. Bg5 Rf7 27. fxg6 Rxf1+ 28. Rxf1 Qxg4 29. Nf3 Ne3 30. Bxe3 Rxe3 31. Ne1 Re2 32. g7+ Kxg7 33. Rg1 Qxg1+ 34. Kxg1 Rxe1+ 35. Kf2 Rb1 0-1

[Event "DSOL 07 Liga Gr-A 1st"]
[Site "Playchess.com INT"]
[Date "2020.07.16"]
[Round "4.4"]
[White "Franke, Lukas"]
[Black "Acton, Fynn Jona"]
[Result "1-0"]
[WhiteElo "1428"]
[BlackElo "1599"]
[PlyCount "49"]
[EventDate "2020.06.22"]
[EventType "team-tourn (rapid)"]
[EventCountry "GER"]
[SourceTitle "EXT 2021"]
[Source "ChessBase"]
[SourceDate "2020.10.23"]
[SourceVersion "1"]
[SourceVersionDate "2020.10.23"]
[SourceQuality "1"]
[WhiteTeam "Koenigsjaeger Sued West II"]
[BlackTeam "Rheinfelden"]
[WhiteTeamCountry "GER"]
[BlackTeamCountry "GER"]

1. d4 Nf6 2. Bf4 e6 3. e3 c5 4. c3 d5 5. Nf3 Bd6 6. Bg3 Qc7 7. Bd3 cxd4 8. exd4 Bxg3 9. hxg3 Nbd7 10. Qc2 h6 11. Nbd2 e5 12. dxe5 Nxe5 13. 0-0-0 Nxd3+ 14. Qxd3 Be6 15. Rde1 0-0-0 16. Nd4 Ng4 17. Qf3 Bd7 18. Re7 Ne5 19. Qxd5 Nd3+ 20. Kb1 Qb6 21. Qc4+ Nc5 22. N2b3 Kb8 23. Qxc5 Qg6+ 24. Ka1 Rc8 25. Qe5+ 1-0